Великая Отечественная война, 1941 - 1945: в фотографиях и кинодокументах: фотоальбом; в 5 т.
| Andre forfattere: | |
|---|---|
| Sprog: | russisk |
| Udgivet: |
Москва, Планета, 1985-
|
| Udgivelse: | 2-е изд., доп. |
| Format: | MixedMaterials Bog |
| KOHA link: | https://koha.lib.tpu.ru/cgi-bin/koha/opac-detail.pl?biblionumber=186626 |
MARC
| LEADER | 00000nam1a2200000 4500 | ||
|---|---|---|---|
| 001 | 186626 | ||
| 005 | 20231031173616.0 | ||
| 035 | |a (RuTPU)RU\TPU\book\202484 | ||
| 090 | |a 186626 | ||
| 100 | |a 20101101d1985 m y0rusy50 ca | ||
| 101 | 0 | |a rus | |
| 102 | |a RU | ||
| 200 | 1 | |a Великая Отечественная война, 1941 - 1945: в фотографиях и кинодокументах |e фотоальбом |e в 5 т. |f сост. Н. М. Афанасьев | |
| 205 | |a 2-е изд., доп. | ||
| 210 | |a Москва |c Планета |d 1985- | ||
| 675 | |a 9(С)27(084) |v 3 | ||
| 702 | 1 | |a Афанасьев |b Н. М. |g Николай Михайлович |4 220 | |
| 801 | 1 | |a RU |b 63413507 |c 20101101 | |
| 942 | |c BK | ||